zpět

Detail výsledku týmu

U Opata, Pardubice

Datum a čas kvízu

24 Celkem bodů Celkový počet nahraných bodů na tomto kvízu bez doplňovacích otázek.
5. Pořadí na kvízu Konečné umístění týmu na tomto kvízu.

Zaznamenané odpovědi

# Otázka Odpověď Body Výsledky
1. Že vánoční punk není mrtvý, má... Bruntál 1
2. Premiér jisté země byl minulý... o Izraeli 0
3. Křišťálovou lupu za online vid... Honza Mikulka, Janek Rubeš 1
4. Gambrinus ve čtvrtek oznámil j... přestane stáčet pivo do plastových lahví 0
5. Novým trenérem Tottenhamu Hots... Mauricio Pochettino 1
6. Toto téma minulý týden zvítězi... Vídeň, 1996 1
7. Nespočet hlášek má na svém kon... Thierry Henry 0
8. Televize Nova a sportovní přen... Václav Tittelbach, Pavel Poulíček 1
9. Autorem mnoha legendárních hlá... Nemecký/Německý 1
10. Jak se nazývá švédské lyžařské... Åre 0